000 00732nam a2200253Ia 4500
003 OSt
005 20220918230910.0
006 a|||||r|||| 00| 0
007 ta
008 220917b |||||||| |||| 00| 0 eng d
024 _a261,509
037 _cTextual
040 _aARTS
_cARTS
_beng
041 _2eng
_aeng
082 _aX:8(D2,4).2, P4;1
100 _aGulati Ashok
_9153486
245 0 _aInstitutional reforms in Indian irrigation
260 _aNew Delhi
_bSage Publications
_c2004
650 _aECONOMICS
700 _a Meinzen-Dick Ruth
_9153487
700 _a Raju K V
_9153488
942 _hX:8(D2,4).2, P4;1
_cTEXL
_2CC
999 _c289257
_d289257